000 00866cpmaa2200241 4500
001 mm 78000060
003 DLC
005 20260227111619.0
008 781215|||||||||||| eng
010 _amm 78000060
040 _aDLC
_cDLC
_edacs
_dDLC
072 7 _aC
_2lcmd
100 1 _aArmstrong, John,
_d1717-1795.
245 0 0 _aJohn Armstrong report,
_f1754.
300 _a1
_fitem.
506 0 _aOpen to research.
545 0 _aArmy officer and delegate from Pennsylvania to U.S. Continental Congress.
546 _aCollection material in English.
580 _aForms part of: Miscellaneous Manuscripts collection.
656 7 _aArmy officers.
_2itoamc
656 7 _aDelegates, U.S. Continental Congress
_zPennsylvania.
_2itoamc
999 _c39540
_d39540